GCSE CHEMISTRY PRACTICAL ASSESSMENT (Record no. 6215)
[ view plain ]
| 000 -LEADER | |
|---|---|
| fixed length control field | 00403nam a2200157 4500 |
| 007 - PHYSICAL DESCRIPTION FIXED FIELD--GENERAL INFORMATION | |
| fixed length control field | 000 |
| 008 - FIXED-LENGTH DATA ELEMENTS--GENERAL INFORMATION | |
| fixed length control field | 000 |
| 020 ## - INTERNATIONAL STANDARD BOOK NUMBER | |
| International Standard Book Number | 0748701958 |
| 040 ## - CATALOGING SOURCE | |
| Original cataloging agency | UOEL |
| 050 ## - LIBRARY OF CONGRESS CALL NUMBER | |
| Classification number | QD33 |
| Item number | .H5 |
| 100 ## - MAIN ENTRY--PERSONAL NAME | |
| Personal name | Higginson,Brian |
| Dates associated with a name | 1988 |
| 245 ## - TITLE STATEMENT | |
| Title | GCSE CHEMISTRY PRACTICAL ASSESSMENT |
| Remainder of title | Teachers Guide |
| Statement of responsibility, etc | Brian,Higginson |
| 260 ## - PUBLICATION, DISTRIBUTION, ETC. (IMPRINT) | |
| Place of publication, distribution, etc | London : |
| Name of publisher, distributor, etc | Stanely Thornes publishers Ltd ; |
| Date of publication, distribution, etc | 1988 |
| 300 ## - PHYSICAL DESCRIPTION | |
| Extent | 48 .p. : |
| Other physical details | ill.; |
| 942 ## - ADDED ENTRY ELEMENTS (KOHA) | |
| Source of classification or shelving scheme | Library of Congress Classification |
| Item type | Loan - Normal on open shelf |
| Withdrawn status | Lost status | Source of classification or shelving scheme | Damaged status | Not for loan | Home library | Current library | Shelving location | Date acquired | Total Checkouts | Full call number | Barcode | Date last seen | Copy number | Price effective from | Koha item type |
|---|---|---|---|---|---|---|---|---|---|---|---|---|---|---|---|
| Library of Congress Classification | UOE Main Library | UOE Main Library | Open shelf | 29/04/2015 | QD33 .H5 | 10038283 | 27/04/2026 | 10038283 | 29/04/2015 | Loan - Normal on open shelf | |||||
| Library of Congress Classification | UOE Main Library | UOE Main Library | Open shelf | 06/07/2015 | QD33 .H5 | 9200063 | 27/04/2026 | 9200063 | 06/07/2015 | Loan - Normal on open shelf |
